000 00350nam a2200157 i 4500
001 bg
100 1 _aEFIMOV, N. V.
245 0 _aKwadraticnye formy i matricy /
_cN.V. Efimov.
250 _aIzd.5.
260 _aMoskva,
_c1972.
040 _cBPK
041 _apol
080 _a512.64
942 _cKS
008 s pl f |000 0 pol
999 _c14481
_d14481
856 _uhttp://koha.tu.koszalin.pl/cgi-bin/koha/opac-detail.pl?biblionumber=14481
_yKatalog online BPK